000 00734nam a22002297a 4500
999 _c63379
_d63379
005 20240530110637.0
008 170926s2016 ua g 000 0 ara d
017 _a2016/16347
_bمصر. دار الكتب
020 _a9789774962462
040 _aEG-CaGPL
_cEG-CaGPL
082 0 4 _221
_a244\
_bهـ خ
100 0 _aهادى حمودة .
245 1 2 _aالخلافة بين الماضى و المستقبل /
_cهادى حمودة .
250 _aط.1
260 _aالقاهرة :
_c2016 .
300 _a288 ص. ؛
_c20 سم .
650 0 7 _2qrmak
_aالخلافة .
650 0 7 _2qrmak
_aالخلافة
_xتاريخ
650 0 7 _2qrmak
_aالخلافة الاسلامية .
942 _2ddc
_cBK